[Event "XXVII Miedzynarodowy Turniej im. Tadeus"]
[Site "Police"]
[Date "2012.??.??"]
[Round "1.1"]
[White "Tomczak, Jacek"]
[Black "Korbal, Arkadiusz"]
[Result "1-0"]
[WhiteElo "2556"]
[BlackElo "2127"]
[PlyCount "47"]

1. e4 c5 2. Nf3 d6 3. d4 cxd4 4. Nxd4 Nf6 5. Nc3 g6 6. Be3 Bg7 7. f3 Nc6 8. Qd2
O-O 9. O-O-O Bd7 10. Bc4 Rb8 11. Bb3 Na5 12. g4 b5 13. Bh6 Nc4 14. Qg5 Bxh6 15.
Qxh6 e6 16. h4 a5 17. h5 a4 18. Bxc4 bxc4 19. hxg6 fxg6 20. e5 dxe5 21. Nxe6
Qe7 22. Nxf8 Rxf8 23. g5 Nh5 24. Nd5 {Black resigns} 1-0

[Event "XXVII Miedzynarodowy Turniej im. Tadeus"]
[Site "Police"]
[Date "2012.??.??"]
[Round "1.2"]
[White "Graf, Pawel"]
[Black "Vysochin, Spartak"]
[Result "1-0"]
[WhiteElo "2120"]
[BlackElo "2533"]
[PlyCount "105"]

1. e4 e6 2. d4 d5 3. Nc3 Bb4 4. e5 c5 5. a3 Bxc3+ 6. bxc3 Ne7 7. Nf3 b6 8. a4
O-O 9. Bd3 h6 10. h4 Ba6 11. g4 Bxd3 12. Qxd3 Nbc6 13. h5 cxd4 14. cxd4 f6 15.
exf6 Rxf6 16. g5 Rxf3 17. Qxf3 Nxd4 18. Qd3 Nef5 19. Bb2 e5 20. Bxd4 Nxd4 21.
c3 Ne6 22. gxh6 e4 23. Qg3 Qf6 24. hxg7 Ng5 25. h6 Kh7 26. Kf1 Nf3 27. Kg2 Qf7
28. Qg4 Ne5 29. Qh5 Qf6 30. Rad1 Rd8 31. Rh3 Ng6 32. Kf1 Re8 33. Rg3 e3 34. Qe2
Qh4 35. g8=Q+ Rxg8 36. Qxe3 Rf8 37. Rd4 Qh1+ 38. Rg1 Qh5 39. Rdg4 Rf6 40. Qd3
Qxh6 41. Rxg6 Rxg6 42. Qxg6+ Qxg6 43. Rxg6 Kxg6 44. Ke2 Kf5 45. Ke3 Ke5 46. Kd3
a6 47. Ke3 b5 48. axb5 axb5 49. Kd3 d4 50. cxd4+ Kd5 51. f4 Ke6 52. Kc3 Kf5 53.
d5 1-0

[Event "XXVII Miedzynarodowy Turniej im. Tadeus"]
[Site "Police"]
[Date "2012.??.??"]
[Round "1.4"]
[White "Radwan, Leszek"]
[Black "Shishkin, Vadim"]
[Result "0-1"]
[WhiteElo "2091"]
[BlackElo "2485"]
[PlyCount "50"]

1. d4 g6 2. c4 Bg7 3. e4 Nc6 4. Ne2 e5 5. d5 Nd4 6. Nbc3 a6 7. Be3 c5 8. dxc6
dxc6 9. Qd2 Be6 10. Rd1 c5 11. Nd5 Bxd5 12. exd5 Ne7 13. Ng3 f5 14. f4 Nc8 15.
fxe5 Bxe5 16. Bd3 O-O 17. O-O Nd6 18. Bf4 Nf7 19. Bxe5 Nxe5 20. Rde1 Qd6 21.
Qf4 Rae8 22. Rd1 Qe7 23. Qd2 Qh4 24. Rf4 Ng4 25. Nf1 g5 0-1

[Event "XXVII Miedzynarodowy Turniej im. Tadeus"]
[Site "Police"]
[Date "2012.??.??"]
[Round "1.5"]
[White "Malisauskas, Vidmantas"]
[Black "Musialkiewicz, Pawel"]
[Result "1-0"]
[WhiteElo "2460"]
[BlackElo "2090"]
[PlyCount "73"]

1. d4 d5 2. c4 c6 3. Nf3 Nf6 4. e3 Bf5 5. Nc3 e6 6. Nh4 Bg6 7. Nxg6 hxg6 8. Qb3
Qc7 9. g3 Nbd7 10. Bd2 Nb6 11. c5 Nbd7 12. Qc2 e5 13. f4 e4 14. b4 Be7 15. Be2
g5 16. O-O O-O 17. b5 Nh7 18. bxc6 bxc6 19. f5 g6 20. fxg6 fxg6 21. Nxe4 dxe4
22. Qxe4 Ndf6 23. Qxg6+ Kh8 24. Bc4 Qd7 25. Rad1 Qg4 26. Ba5 Rab8 27. Bc7 Rb2
28. Rb1 Rxb1 29. Qxb1 Ne4 30. Be5+ Nef6 31. Qg6 Qd7 32. Bf7 Rxf7 33. Qxf7 Qd8
34. a4 g4 35. Rf2 a5 36. Rf1 Ng5 37. Bxf6+ 1-0

[Event "XXVII Miedzynarodowy Turniej im. Tadeus"]
[Site "Police"]
[Date "2012.??.??"]
[Round "1.8"]
[White "Kuciel, Wladyslaw"]
[Black "Hnydiuk, Aleksander"]
[Result "0-1"]
[WhiteElo "2002"]
[BlackElo "2427"]
[PlyCount "76"]

1. d4 Nf6 2. c4 e6 3. Nf3 d5 4. e3 a6 5. Nc3 dxc4 6. a4 b6 7. Bxc4 Bb7 8. O-O
Bb4 9. Ne5 Nbd7 10. Qb3 Bd6 11. f4 O-O 12. Bxe6 fxe6 13. Qxe6+ Kh8 14. Nf7+
Rxf7 15. Qxf7 Qe8 16. Qxe8+ Rxe8 17. Bd2 Ne4 18. Nxe4 Bxe4 19. g4 Bd3 20. Rfc1
Nf6 21. g5 Nd5 22. a5 b5 23. Rc6 b4 24. Re1 Ne7 25. Rcc1 Be4 26. Kf2 Kg8 27.
Red1 Rb8 28. Ke2 Kf7 29. Be1 Rb5 30. h4 Ke6 31. Ra1 Nc6 32. Rdc1 Nxa5 33. Ra4
Nb3 34. Rd1 a5 35. Bg3 Bc2 36. Re1 Nxd4+ 37. exd4 Bxa4 38. Kd3+ Kd5 0-1

[Event "XXVII Miedzynarodowy Turniej im. Tadeus"]
[Site "Police"]
[Date "2012.??.??"]
[Round "1.9"]
[White "Schmidt, Wlodzimierz"]
[Black "Snihur, Piotr"]
[Result "1-0"]
[WhiteElo "2382"]
[BlackElo "2001"]
[PlyCount "145"]

1. d4 Nf6 2. c4 e6 3. Nc3 Bb4 4. Qc2 d5 5. cxd5 exd5 6. Bg5 c6 7. e3 Nbd7 8.
Bd3 h6 9. Bh4 O-O 10. Nf3 Be7 11. O-O Re8 12. Rab1 a5 13. a3 b6 14. Bg3 Ba6 15.
Bxa6 Rxa6 16. Rfe1 Ra8 17. Rbd1 Nh5 18. Be5 f6 19. Bg3 Nxg3 20. hxg3 Rc8 21. e4
dxe4 22. Rxe4 Bd6 23. Rde1 Rxe4 24. Nxe4 Bf8 25. Qb3+ Kh8 26. Nh4 Qe8 27. g4 c5
28. Kf1 c4 29. Qb5 Qf7 30. Nf5 Re8 31. Re3 Rd8 32. Ned6 Bxd6 33. Nxd6 Qg6 34.
Qxc4 Rf8 35. Qe6 Qb1+ 36. Re1 Qd3+ 37. Kg1 Qd2 38. Nf5 Ne5 39. Rf1 Nxg4 40.
Qxb6 Qf4 41. Qd6 Qxd6 42. Nxd6 Rb8 43. Nc4 f5 44. Rd1 Nf6 45. d5 Kg8 46. d6 Nd7
47. Rd5 a4 48. Rxf5 Rc8 49. Rf4 g5 50. Re4 Kf8 51. Ne5 Nxe5 52. Rxe5 Rc1+ 53.
Kh2 Rd1 54. Re4 Rxd6 55. Rxa4 Rd2 56. Rb4 Rxf2 57. a4 Rf6 58. a5 Ra6 59. Ra4
Ke7 60. b4 Kd6 61. b5 Ra8 62. b6 Kc6 63. Kg3 h5 64. Ra1 Kb7 65. Kf3 Rf8+ 66.
Ke4 h4 67. a6+ Ka8 68. Ra5 g4 69. Rh5 Rb8 70. Rxh4 Rxb6 71. Rxg4 Rxa6 72. Kf5
Kb7 73. Rc4 1-0

[Event "XXVII Miedzynarodowy Turniej im. Tadeus"]
[Site "Police"]
[Date "2012.??.??"]
[Round "1.10"]
[White "Oleniak, Wlodzimierz"]
[Black "Kula, Robert"]
[Result "0-1"]
[WhiteElo "1863"]
[BlackElo "2341"]
[PlyCount "44"]

1. d4 d5 2. c4 c6 3. e3 Nf6 4. Nc3 Nbd7 5. Nf3 Nb6 6. cxd5 Nbxd5 7. Be2 Bf5 8.
a3 e6 9. O-O Bd6 10. Nd2 Qc7 11. h3 h5 12. Nxd5 exd5 13. b4 a6 14. Bb2 Qe7 15.
Nf3 Ne4 16. Bd3 g5 17. Bxe4 Bxe4 18. Ne5 f6 19. f4 gxf4 20. exf4 fxe5 21. dxe5
Bc7 22. e6 Rh7 0-1

[Event "XXVII Miedzynarodowy Turniej im. Tadeus"]
[Site "Police"]
[Date "2012.??.??"]
[Round "1.11"]
[White "Przybylski, Wojciech"]
[Black "Jacek, Roksana"]
[Result "0-1"]
[WhiteElo "2330"]
[BlackElo "1861"]
[PlyCount "140"]

1. e4 e5 2. Nf3 Nc6 3. Bb5 a6 4. Ba4 Nf6 5. O-O Be7 6. Re1 b5 7. Bb3 O-O 8. c3
d5 9. exd5 Nxd5 10. Nxe5 Nxe5 11. Rxe5 c6 12. Re1 Bd6 13. g3 Qf6 14. d4 Qg6 15.
Be3 Bg4 16. Qc2 Qh5 17. Nd2 Rae8 18. Qd3 Re6 19. Bd1 Nxe3 20. fxe3 Rh6 21. Nf1
Bxg3 22. Re2 Bxe2 23. Qxe2 Qxe2 24. Bxe2 Bh4 25. e4 Re8 26. Bf3 Rg6+ 27. Kh1
Rf6 28. Kg2 Rg6+ 29. Kh1 Rf6 30. Kg2 Rg6+ 31. Kh3 Rh6 32. e5 Ree6 33. Be4 f6
34. Bc2 Kf8 35. Bb3 Re7 36. e6 f5 37. a4 b4 38. cxb4 Rb7 39. b5 cxb5 40. a5 Rc7
41. Rd1 Rc1 42. Rxc1 Bg5+ 43. Kg2 Bxc1 44. Ng3 g6 45. Bd5 Rh4 46. Bb7 Rxd4 47.
Bxa6 Ra4 48. Bxb5 Rxa5 49. Bc4 Bxb2 50. Ne2 Be5 51. h3 g5 52. Bd3 Bd6 53. Kf3
Ra3 54. Ke3 Ke7 55. Kd2 Bb4+ 56. Kc2 Kxe6 57. Nd4+ Kf6 58. Nb5 Ra8 59. Kb3 Be1
60. Nd4 Ra5 61. Nb5 h5 62. Kc2 g4 63. hxg4 hxg4 64. Kd1 Bh4 65. Ke2 Ra2+ 66.
Kf1 g3 67. Bc4 Rb2 68. Nc7 Ke5 69. Ne8 g2+ 70. Kg1 Bg5 0-1

[Event "XXVII Miedzynarodowy Turniej im. Tadeus"]
[Site "Police"]
[Date "2012.??.??"]
[Round "1.13"]
[White "Tokarczyk, Tomasz"]
[Black "Smieszek, Wojciech"]
[Result "1-0"]
[WhiteElo "2220"]
[BlackElo "1809"]
[PlyCount "91"]

1. d4 Nf6 2. c4 g6 3. g3 Bg7 4. Bg2 O-O 5. Nc3 d6 6. Nf3 Nbd7 7. O-O Re8 8. e4
e5 9. h3 exd4 10. Nxd4 Nc5 11. Re1 a5 12. Ndb5 Be6 13. e5 dxe5 14. Qxd8 Raxd8
15. Nxc7 Re7 16. Nxe6 Rxe6 17. Be3 b6 18. a3 Nb3 19. Rad1 Nd4 20. Nb5 Ree8 21.
Nc7 Rf8 22. Bg5 Rd6 23. b4 axb4 24. axb4 Rc8 25. c5 bxc5 26. bxc5 Rd7 27. Bxf6
Bxf6 28. Nd5 Kg7 29. Nb6 Ne2+ 30. Kf1 Rxd1 31. Rxd1 Nc3 32. Nxc8 Nxd1 33. c6
Bd8 34. Nd6 Nc3 35. c7 Bxc7 36. Ne8+ Kh6 37. Nxc7 f5 38. Bc6 Kg5 39. h4+ Kg4
40. Kg2 f4 41. Bf3+ Kf5 42. g4+ Kf6 43. Nd5+ Nxd5 44. Bxd5 h5 45. g5+ Kf5 46.
Kf3 1-0

[Event "XXVII Miedzynarodowy Turniej im. Tadeus"]
[Site "Police"]
[Date "2012.??.??"]
[Round "1.14"]
[White "Maliszewski, Jaroslaw"]
[Black "Musialkiewicz, Jan"]
[Result "0-1"]
[WhiteElo "1796"]
[BlackElo "2189"]
[PlyCount "84"]

1. c4 c5 2. Nc3 Nc6 3. Nf3 e5 4. g3 g6 5. Bg2 Bg7 6. d3 Nge7 7. Bg5 f6 8. Be3
d6 9. Qd2 O-O 10. Bh6 Be6 11. h4 Bxh6 12. Qxh6 Nf5 13. Qd2 Qd7 14. g4 Nfe7 15.
g5 f5 16. h5 Kg7 17. O-O-O d5 18. cxd5 Bxd5 19. Nxd5 Nxd5 20. Nh4 Nf4 21. Bf3
Rad8 22. Ng2 Ne6 23. hxg6 hxg6 24. Rh6 Rh8 25. Nh4 Rxh6 26. gxh6+ Kh7 27. Rg1
Nf4 28. Qe3 Qd4 29. Kb1 Rd6 30. Bxc6 Rxc6 31. Qf3 Rb6 32. b3 a5 33. Kc2 a4 34.
Rd1 axb3+ 35. axb3 Nd5 36. Rc1 Nb4+ 37. Kd1 Qxh4 38. Rxc5 Qe7 39. Qe3 Nc6 40.
Rc3 Ra6 41. Qc1 Qh4 42. b4 Ra1 0-1

[Event "XXVII Miedzynarodowy Turniej im. Tadeus"]
[Site "Police"]
[Date "2012.??.??"]
[Round "1.15"]
[White "Chlost, Marlena"]
[Black "Lanica, Lukasz"]
[Result "1-0"]
[WhiteElo "2186"]
[BlackElo "1675"]
[PlyCount "71"]

1. e4 c6 2. d4 d5 3. Nc3 dxe4 4. Nxe4 Nd7 5. Ng5 Ngf6 6. Bd3 e6 7. N1f3 Bd6 8.
Qe2 Qe7 9. Ne5 O-O 10. Bd2 c5 11. O-O-O cxd4 12. f4 Nc5 13. Bc4 a6 14. Bb4 b5
15. Bxc5 Bxc5 16. Bd3 h6 17. h4 Bb7 18. Rdf1 Bd5 19. Kb1 Qc7 20. Ngf3 Nd7 21.
g4 Nxe5 22. fxe5 Qa5 23. Nd2 Qxa2+ 24. Kc1 Bb4 25. Nb1 Qa1 26. g5 Rac8 27. Qg4
Ba2 28. Kd1 Qxb1+ 29. Ke2 Qxb2 30. Qe4 g6 31. gxh6 Bd5 32. h7+ Kxh7 33. Rxf7+
Rxf7 34. Qxg6+ Kh8 35. Qh6+ Kg8 36. Rg1+ 1-0

[Event "XXVII Miedzynarodowy Turniej im. Tadeus"]
[Site "Police"]
[Date "2012.??.??"]
[Round "1.16"]
[White "Przybylska, Agata"]
[Black "Kurpiewski, Slawomir"]
[Result "1-0"]
[WhiteElo "1651"]
[BlackElo "2168"]
[PlyCount "110"]

1. e4 e5 2. d4 exd4 3. Qxd4 Nc6 4. Qe3 Nf6 5. Nc3 Bb4 6. Bd2 O-O 7. O-O-O Re8
8. f3 d5 9. Qf2 dxe4 10. Bg5 Qe7 11. Nd5 Qe5 12. f4 Qxd5 13. Rxd5 Nxd5 14. c3
Bd6 15. Bc4 Nb6 16. Bb3 h6 17. Bh4 Na5 18. Bc2 Bf5 19. Ne2 e3 20. Qf3 Bxc2 21.
Kxc2 Nc6 22. b3 a5 23. a4 Be7 24. Bxe7 Rxe7 25. Rd1 Rd8 26. Rxd8+ Nxd8 27. Nd4
Kf8 28. Kd1 c6 29. Nf5 Rd7+ 30. Ke2 Nd5 31. c4 Nc3+ 32. Kxe3 Ne6 33. Kf2 Rd2+
34. Kg3 Ne2+ 35. Kh4 N2xf4 36. Ne3 g6 37. h3 f5 38. Kg3 Kf7 39. Kh2 h5 40. h4
Rd4 41. g3 Rd2+ 42. Kh1 Nd3 43. Nxf5 gxf5 44. Qxh5+ Ke7 45. Qxf5 Ndc5 46. h5
Nxb3 47. h6 Nbd4 48. Qh5 Ne2 49. Qh4+ Kf7 50. h7 Nxg3+ 51. Qxg3 Rd1+ 52. Kh2
Rd2+ 53. Kh3 Rd8 54. Qe5 Re8 55. Kh2 Kg6 1-0

[Event "XXVII Miedzynarodowy Turniej im. Tadeus"]
[Site "Police"]
[Date "2012.??.??"]
[Round "2.1"]
[White "Kula, Robert"]
[Black "Tomczak, Jacek"]
[Result "0-1"]
[WhiteElo "2341"]
[BlackElo "2556"]
[PlyCount "96"]

1. e4 g6 2. h4 d5 3. exd5 Qxd5 4. Nc3 Qd6 5. d4 Nf6 6. Nb5 Qb6 7. Bf4 Na6 8. a4
Bg7 9. c4 Bf5 10. Be2 c6 11. Bc7 Nxc7 12. a5 Qxb5 13. cxb5 cxb5 14. Bf3 O-O-O
15. Rc1 Bh6 16. Rc3 e5 17. d5 Kb8 18. d6 Nce8 19. Ne2 Rxd6 20. Qb3 Bd2+ 21. Kf1
e4 22. Rc5 exf3 23. gxf3 Bd3 24. Qxf7 Nh5 25. a6 bxa6 26. Re5 Nc7 27. Kg1 Bc4
28. Qe7 Bb4 29. Kh2 Re8 30. Qxe8+ Nxe8 31. Rxe8+ Kc7 32. Ng3 Nxg3 33. Kxg3 Rd2
34. Rh8 h5 35. Rb1 Bc5 36. b3 Bxf2+ 37. Kf4 Rd4+ 38. Ke5 Rd5+ 39. Ke4 Bd3+ 40.
Kxd5 Bxb1 41. Ra8 Kb7 42. Rd8 Bf5 43. b4 Bxh4 44. Rf8 Bg5 45. Ke5 Kc6 46. Ra8
Bd2 47. Rxa7 Bc3+ 48. Kf4 Kb6 0-1

[Event "XXVII Miedzynarodowy Turniej im. Tadeus"]
[Site "Police"]
[Date "2012.??.??"]
[Round "2.4"]
[White "Musialkiewicz, Jan"]
[Black "Malisauskas, Vidmantas"]
[Result "1/2-1/2"]
[WhiteElo "2189"]
[BlackElo "2460"]
[PlyCount "93"]

1. e4 c5 2. Nf3 d6 3. d4 cxd4 4. Nxd4 Nf6 5. Nc3 a6 6. Bg5 e6 7. f4 Nbd7 8. Qf3
Qc7 9. O-O-O b5 10. e5 Bb7 11. Qh3 dxe5 12. Nxe6 fxe6 13. Qxe6+ Be7 14. Bxb5
axb5 15. Nxb5 Qb6 16. Nd6+ Kd8 17. Bxf6 Bxf6 18. fxe5 Bg5+ 19. Kb1 Kc7 20. Ne8+
Kb8 21. Qxd7 Bc8 22. Qxg7 Be6 23. Qxg5 Bxa2+ 24. Kc1 Rxe8 25. Rd6 Qc7 26. Rhd1
Rc8 27. c3 Ra5 28. Qe3 Rb5 29. Ra6 Bb3 30. Rdd6 Rb7 31. Rab6 Qc5 32. Qxc5 Rxc5
33. Rxb7+ Kxb7 34. Kd2 h5 35. Rd4 Kc6 36. Re4 Bd5 37. Rh4 Bf7 38. Rf4 Be6 39.
Re4 Bf5 40. Re3 Kd5 41. Ke1 Ke6 42. Kf2 Rd5 43. b4 Rd2+ 44. Re2 Rd3 45. Re3
Rd2+ 46. Kf3 Bd3 47. Kf4 1/2-1/2

[Event "XXVII Miedzynarodowy Turniej im. Tadeus"]
[Site "Police"]
[Date "2012.??.??"]
[Round "2.5"]
[White "Urban, Klaudiusz"]
[Black "Chlost, Marlena"]
[Result "1-0"]
[WhiteElo "2453"]
[BlackElo "2186"]
[PlyCount "83"]

1. Nf3 d5 2. d4 Nf6 3. c4 c6 4. Nc3 dxc4 5. a4 e6 6. e4 Bb4 7. e5 Nd5 8. Bd2 b5
9. axb5 Bxc3 10. bxc3 cxb5 11. Be2 h6 12. O-O Nc6 13. Qc2 Na5 14. Rfb1 Bd7 15.
Be1 Nf4 16. Bf1 Nb3 17. Ra6 Qc8 18. Qa2 Qb7 19. Nd2 Nxd2 20. Bxd2 Nd3 21. Be2
Bc6 22. Rxc6 Qxc6 23. Bf3 Qc8 24. Bxa8 Qxa8 25. Rxb5 O-O 26. Qxc4 Qe4 27. Kf1
a6 28. Rb6 Qg4 29. f3 Qf5 30. Qc6 Nxe5 31. dxe5 Qd3+ 32. Ke1 Rd8 33. Rb2 Rd5
34. Qc7 Qf5 35. Kf2 Rxe5 36. Qc8+ Kh7 37. Qxa6 Qh5 38. Qd3+ g6 39. h3 Qh4+ 40.
Kf1 Qa4 41. Rb4 Qd1+ 42. Kf2 1-0

[Event "XXVII Miedzynarodowy Turniej im. Tadeus"]
[Site "Police"]
[Date "2012.??.??"]
[Round "2.6"]
[White "Graf, Pawel"]
[Black "Chojnacki, Krzysztof"]
[Result "0-1"]
[WhiteElo "2120"]
[BlackElo "2441"]
[PlyCount "74"]

1. e4 e5 2. Nf3 Nc6 3. Bb5 a6 4. Ba4 Nf6 5. Nc3 b5 6. Bb3 Be7 7. O-O d6 8. h3
O-O 9. Re1 Na5 10. Nd5 Nxd5 11. Bxd5 c6 12. Bb3 Nxb3 13. axb3 f5 14. exf5 Bxf5
15. d3 Qe8 16. Qe2 Qg6 17. Kh1 Bf6 18. Nh2 c5 19. f3 d5 20. Be3 Be7 21. Ng4
Bxg4 22. hxg4 Rae8 23. Kg1 d4 24. Bf2 Bg5 25. Qe4 Qd6 26. Qb7 Rf6 27. Qe4 Bf4
28. g3 Bd2 29. Re2 Bb4 30. f4 Qd7 31. Kg2 Qxg4 32. fxe5 Rf4 33. Qd5+ Kh8 34.
Rxa6 h5 35. Ra8 Rxa8 36. Qxa8+ Kh7 37. Re4 Qf3+ 0-1

[Event "XXVII Miedzynarodowy Turniej im. Tadeus"]
[Site "Police"]
[Date "2012.??.??"]
[Round "2.7"]
[White "Hnydiuk, Aleksander"]
[Black "Przybylska, Agata"]
[Result "1-0"]
[WhiteElo "2427"]
[BlackElo "1651"]
[PlyCount "75"]

1. Nf3 Nf6 2. c4 e6 3. g3 b6 4. Bg2 Bb7 5. O-O Nc6 6. d4 d5 7. cxd5 Nxd5 8. e4
Nf6 9. Nc3 Be7 10. Bf4 Nh5 11. Be3 Nf6 12. Qa4 O-O 13. Rfd1 Na5 14. Ne5 Qe8 15.
Qc2 Rc8 16. Qe2 c5 17. dxc5 Bxc5 18. Bg5 Be7 19. Bxf6 Bxf6 20. Nd7 Bxc3 21.
bxc3 Rxc3 22. Nxf8 Kxf8 23. Rac1 Rxc1 24. Rxc1 Qd7 25. e5 Bxg2 26. Kxg2 Nc6 27.
Qb5 Nb8 28. Qxd7 Nxd7 29. Rc8+ Ke7 30. f4 a6 31. Kf3 f6 32. Ke4 f5+ 33. Kd4 h6
34. Ra8 a5 35. Kc4 Nc5 36. Ra7+ Nd7 37. Kb5 Kd8 38. Kc6 1-0

[Event "XXVII Miedzynarodowy Turniej im. Tadeus"]
[Site "Police"]
[Date "2012.??.??"]
[Round "2.8"]
[White "Jacek, Roksana"]
[Black "Schmidt, Wlodzimierz"]
[Result "1/2-1/2"]
[WhiteElo "1861"]
[BlackElo "2382"]
[PlyCount "40"]

1. e4 e6 2. d4 d5 3. Nd2 c5 4. exd5 exd5 5. Ngf3 Nc6 6. Bb5 Bd6 7. dxc5 Bxc5 8.
O-O Nge7 9. Nb3 Bd6 10. Re1 O-O 11. Bg5 Bg4 12. Be2 h6 13. Bxe7 Bxe7 14. c3 Bf6
15. h3 Bh5 16. Qd2 Bg6 17. Bd3 Bh5 18. Be2 Bg6 19. Bd3 Bh5 20. Be2 Bg6 1/2-1/2

[Event "XXVII Miedzynarodowy Turniej im. Tadeus"]
[Site "Police"]
[Date "2012.??.??"]
[Round "2.9"]
[White "Vysochin, Spartak"]
[Black "Jacek, Krystian"]
[Result "1-0"]
[WhiteElo "2533"]
[BlackElo "2074"]
[PlyCount "81"]

1. e4 e5 2. Nf3 Nc6 3. Bb5 a6 4. Bxc6 dxc6 5. O-O Bg4 6. h3 h5 7. d3 Qf6 8. Be3
Bxf3 9. Qxf3 Qxf3 10. gxf3 Ne7 11. Nd2 Ng6 12. Rfb1 c5 13. a4 a5 14. Kf1 f6 15.
Nc4 Kf7 16. Ke2 b6 17. Na3 Bd6 18. Nb5 Rhd8 19. c3 Rd7 20. Rd1 Rad8 21. Rac1
Nf8 22. d4 Ne6 23. d5 Nf8 24. b4 Ra8 25. bxc5 Bxc5 26. Bxc5 bxc5 27. Rb1 Ng6
28. Na3 Nf4+ 29. Kf1 h4 30. Rb5 c6 31. Rxc5 Rb8 32. Nc4 cxd5 33. exd5 Nxh3 34.
Rb5 Rxb5 35. axb5 Nf4 36. b6 h3 37. Kg1 Ne2+ 38. Kh2 Nxc3 39. Rd3 Na4 40. b7
Rd8 41. Nd6+ 1-0

[Event "XXVII Miedzynarodowy Turniej im. Tadeus"]
[Site "Police"]
[Date "2012.??.??"]
[Round "2.10"]
[White "Snihur, Piotr"]
[Black "Przybylski, Wojciech"]
[Result "0-1"]
[WhiteElo "2001"]
[BlackElo "2330"]
[PlyCount "96"]

1. e4 e5 2. Nf3 Nc6 3. Bb5 Nf6 4. d3 d6 5. O-O Be7 6. d4 exd4 7. Nxd4 Bd7 8.
Nc3 O-O 9. Nxc6 Bxc6 10. Bxc6 bxc6 11. Re1 Nd7 12. Be3 Re8 13. f4 Rb8 14. b3
Bf6 15. Bd4 Rb4 16. e5 Bh4 17. g3 dxe5 18. fxe5 c5 19. Bf2 Bg5 20. Nd5 Rb8 21.
h4 Bh6 22. Qh5 Bd2 23. Re2 g6 24. Qf3 Nxe5 25. Qg2 c6 26. Rxd2 cxd5 27. Rxd5
Qf6 28. Rf1 Nf3+ 29. Kh1 Re2 30. Rd3 Nd2 31. Rxd2 Rxd2 32. Bxc5 Rxg2 33. Rxf6
Rxc2 34. Bxa7 Ra8 35. Bf2 Raxa2 36. Kg2 Rab2 37. Rf3 h5 38. Kf1 Rb1+ 39. Be1
Rcb2 40. Re3 Rxb3 41. Rxb3 Rxb3 42. Kf2 Kg7 43. Bd2 Kf6 44. Be3 Kf5 45. Kf3 Rd3
46. Kf2 Kg4 47. Bf4 Rf3+ 48. Kg2 Rxf4 0-1

[Event "XXVII Miedzynarodowy Turniej im. Tadeus"]
[Site "Police"]
[Date "2012.??.??"]
[Round "2.12"]
[White "Korbal, Arkadiusz"]
[Black "Oleniak, Wlodzimierz"]
[Result "1-0"]
[WhiteElo "2127"]
[BlackElo "1863"]
[PlyCount "51"]

1. d4 d5 2. c4 e6 3. Nf3 Nf6 4. g3 Nc6 5. Nbd2 Be7 6. Bg2 O-O 7. O-O dxc4 8.
Nxc4 Nb4 9. Nfe5 c6 10. e4 Nd7 11. Nxd7 Bxd7 12. Be3 h6 13. Qb3 a5 14. Rfd1 a4
15. Qc3 f6 16. a3 Na6 17. d5 cxd5 18. Nb6 Rb8 19. exd5 Qe8 20. Nxd7 Qxd7 21.
dxe6 Qb5 22. Rac1 Rfd8 23. Qc2 Rxd1+ 24. Rxd1 Nc5 25. Qg6 Rf8 26. Bxh6 1-0

[Event "XXVII Miedzynarodowy Turniej im. Tadeus"]
[Site "Police"]
[Date "2012.??.??"]
[Round "2.13"]
[White "Zschaebitz, Klaus"]
[Black "Maruszczak, Joanna"]
[Result "1/2-1/2"]
[WhiteElo "2105"]
[BlackElo "1811"]
[PlyCount "88"]

1. d4 Nf6 2. c4 e5 3. dxe5 Ng4 4. Nf3 Bc5 5. e3 Nc6 6. a3 a5 7. b3 O-O 8. Be2
Ra6 9. O-O Ncxe5 10. Nbd2 Qf6 11. Ra2 Nxf3+ 12. Nxf3 Ne5 13. Nxe5 Qxe5 14. Bb2
Qe7 15. Bd4 Bxd4 16. Qxd4 Rh6 17. c5 Rd8 18. Bg4 d6 19. Bxc8 Rxc8 20. Rc2 Rd8
21. Rd1 c6 22. Rcd2 d5 23. Qc3 Ra8 24. Rd4 Re6 25. Ra4 Qc7 26. Rdd4 Ree8 27.
Rg4 f5 28. Rh4 Qd8 29. Rh5 g6 30. Rh6 Re4 31. Rd4 Qe7 32. Rh3 Re8 33. Rf3 Rxd4
34. Qxd4 Qe4 35. Qd1 g5 36. h3 Kg7 37. Rg3 Kg6 38. f4 h6 39. Rf3 Rd8 40. Qe1 d4
41. Qxa5 dxe3 42. Qxd8 e2 43. Qg8+ Kf6 44. Qf8+ Kg6 1/2-1/2

[Event "XXVII Miedzynarodowy Turniej im. Tadeus"]
[Site "Police"]
[Date "2012.??.??"]
[Round "3.14"]
[White "Radwan, Leszek"]
[Black "Oleniak, Wlodzimierz"]
[Result "1-0"]
[WhiteElo "2091"]
[BlackElo "1863"]
[PlyCount "73"]

1. d4 d5 2. c4 e6 3. Nc3 Nf6 4. Nf3 Be7 5. e3 O-O 6. Bd3 c5 7. cxd5 exd5 8. O-O
Bg4 9. Be2 Nbd7 10. b3 Rc8 11. Bb2 Re8 12. Ne5 Bxe2 13. Nxe2 b6 14. Rc1 Bf8 15.
Nxd7 Qxd7 16. dxc5 bxc5 17. Bxf6 gxf6 18. Qd3 Bh6 19. Rfd1 d4 20. Rc2 Qe7 21.
exd4 Rcd8 22. d5 Qe5 23. Qg3+ Kh8 24. Qxe5 Rxe5 25. Nc3 Bf8 26. Re2 Bd6 27. f4
Rxe2 28. Nxe2 Re8 29. Kf2 a5 30. Kf3 Kg7 31. Ng3 Kg6 32. Ne4 Rd8 33. Nxd6 Rxd6
34. Ke4 h5 35. Rc1 f5+ 36. Ke5 Rd8 37. d6 1-0

[Event "XXVII Miedzynarodowy Turniej im. Tadeus"]
[Site "Police"]
[Date "2012.??.??"]
[Round "2.15"]
[White "Musialkiewicz, Pawel"]
[Black "Maliszewski, Jaroslaw"]
[Result "1-0"]
[WhiteElo "2090"]
[BlackElo "1796"]
[PlyCount "139"]

1. d4 f5 2. Nf3 Nf6 3. g3 e6 4. Bg2 c5 5. O-O Nc6 6. c4 b6 7. d5 exd5 8. cxd5
Nb4 9. Nc3 Bd6 10. a3 Na6 11. Nh4 g6 12. Nb5 Qe7 13. Nxd6+ Qxd6 14. Bf4 Qf8 15.
d6 Rb8 16. Qd3 Qf7 17. Qe3+ Qe6 18. Qxe6+ dxe6 19. d7+ Bxd7 20. Bxb8 Nxb8 21.
Rac1 Bc6 22. Bxc6+ Nxc6 23. e3 Ne5 24. f4 Neg4 25. Ng2 Nd5 26. b4 Kd7 27. bxc5
Ngxe3 28. Nxe3 Nxe3 29. Rfe1 Nd5 30. cxb6 axb6 31. Red1 Ra8 32. Rd3 Ra5 33. Kg2
Rb5 34. Rc2 h6 35. h4 h5 36. Kf3 Rb1 37. Rc4 Rb2 38. Rcc3 Rh2 39. Rc1 Rb2 40.
Re1 Rc2 41. Re2 Rc5 42. Rb3 Kd6 43. Rd2 Kc7 44. Ke2 Nf6 45. Kd1 Ne4 46. Rc2 Kc6
47. Rd3 Nd6 48. Rxc5+ Kxc5 49. Rc3+ Kd5 50. Rc7 Ne4 51. Rb7 Nxg3 52. Rxb6 Ne4
53. Ke2 Nd6 54. a4 Kc5 55. a5 Nc4 56. Rxe6 Nxa5 57. Rxg6 Kd4 58. Kf3 Nc4 59.
Rg5 Nd2+ 60. Kg2 Ke4 61. Kg3 Nf1+ 62. Kh3 Kxf4 63. Rxh5 Ng3 64. Rg5 Ne4 65. Rg6
Kf3 66. h5 Nf2+ 67. Kh2 Ke2 68. h6 Ng4+ 69. Rxg4 fxg4 70. Kg3 1-0

[Event "XXVII Miedzynarodowy Turniej im. Tadeus"]
[Site "Police"]
[Date "2012.??.??"]
[Round "3.1"]
[White "Tomczak, Jacek"]
[Black "Hnydiuk, Aleksander"]
[Result "1-0"]
[WhiteElo "2556"]
[BlackElo "2427"]
[PlyCount "57"]

1. e4 c5 2. Nf3 Nc6 3. d4 cxd4 4. Nxd4 e5 5. Nb5 d6 6. a4 Be7 7. N1c3 a6 8. Na3
Nf6 9. Bg5 Bg4 10. Qd2 O-O 11. Bc4 h6 12. Be3 Be6 13. Rd1 Ng4 14. Nd5 Bxd5 15.
Bxd5 Nxe3 16. fxe3 Qa5 17. Nc4 Qxd2+ 18. Rxd2 Rac8 19. Nb6 Rc7 20. Ke2 Nb8 21.
Bb3 Rc6 22. Nd5 Bd8 23. Rhd1 g6 24. Nb4 Rb6 25. Rxd6 Bc7 26. Rxb6 Bxb6 27. Bd5
Nc6 28. Bxc6 bxc6 29. Nxc6 1-0

[Event "XXVII Miedzynarodowy Turniej im. Tadeus"]
[Site "Police"]
[Date "2012.??.??"]
[Round "3.6"]
[White "Pawlicz, Adam"]
[Black "Vysochin, Spartak"]
[Result "0-1"]
[WhiteElo "2079"]
[BlackElo "2533"]
[PlyCount "80"]

1. e4 e6 2. d4 d5 3. e5 c5 4. c3 Qb6 5. Nf3 Nc6 6. a3 Nh6 7. b4 cxd4 8. cxd4
Nf5 9. Bb2 Bd7 10. g4 Nfe7 11. Nc3 Na5 12. Na4 Qc6 13. bxa5 Qxa4 14. Qxa4 Bxa4
15. Kd2 Nc6 16. Bc3 a6 17. Bd3 Be7 18. Rhb1 O-O-O 19. Bb4 Rd7 20. Rb2 Bd8 21.
Rc1 Kb8 22. Ke3 Ka8 23. Nd2 h5 24. g5 Bxg5+ 25. f4 Bd8 26. Nb1 g5 27. f5 g4 28.
f6 Bxa5 29. Bxa5 Nxa5 30. Rb4 Bc6 31. Nd2 Ka7 32. Kf4 Rdd8 33. Rc5 b6 34. Rc2
Rc8 35. Rcb2 b5 36. a4 bxa4 37. Rb6 Bb7 38. Rd6 Rc3 39. Bf1 Rg8 40. Rd7 g3 0-1